ბათუმის შოთა რუსთაველის სახელმწიფო უნივერსიტეტის ბიბლიოთეკა

ისტორია-ფილოლოგია (ბიბ.ჩანაწერი № 34799)

000 -LEADER
fixed length control field 00849nam a2200241Ia 4500
001 - CONTROL NUMBER
control field 609
003 - CONTROL NUMBER IDENTIFIER
control field GE_BSU
008 - FIXED-LENGTH DATA ELEMENTS--GENERAL INFORMATION
fixed length control field 181216s||||||||xx |||||||||||||| ||und||
040 ## - CATALOGING SOURCE
Transcribing agency GE_BSU
080 ## - UNIVERSAL DECIMAL CLASSIFICATION NUMBER
Universal Decimal Classification number 821.358.1.09+94
245 ## - TITLE STATEMENT
Title ისტორია-ფილოლოგია
245 ## - TITLE STATEMENT
Remainder of title (შრომების კრებული)
245 ## - TITLE STATEMENT
Statement of responsibility, etc. რედ: ზაზა მენთეშაშვილი
260 ## - PUBLICATION, DISTRIBUTION, ETC.
Place of publication, distribution, etc. თბილისი
260 ## - PUBLICATION, DISTRIBUTION, ETC.
Name of publisher, distributor, etc. თბილისის უნ-ტის
260 ## - PUBLICATION, DISTRIBUTION, ETC.
Date of publication, distribution, etc. 1998
300 ## - PHYSICAL DESCRIPTION
Extent 471 გვ.
653 ## - INDEX TERM--UNCONTROLLED
Uncontrolled term ისტორია; ფილოლოგია; ენათმეცნიერება;
653 ## - INDEX TERM--UNCONTROLLED
Uncontrolled term ლინგვისტიკა;
653 ## - INDEX TERM--UNCONTROLLED
Uncontrolled term მხატვრული თარგმანის თეორია;
942 ## - ADDED ENTRY ELEMENTS (KOHA)
Koha item type წიგნი
ეგზემპლარები
Withdrawn status Lost status Damaged status Not for loan Date acquired Barcode Date last seen Price effective from Koha item type
        2018-12-17 1257 2018-12-17 2018-12-17 წიგნი